Statistiques concernant Paroles - Vald - Journal perso II

Cliquez ici pour prendre le quiz!

Statistiques générales

  • Ce quiz a été pris 57 fois
  • Le résultat moyen est 338 sur 497

Statistiques - réponses

Paroles% Correct
à
100%
ma
100%
vie
100%
ce
95%
ces
95%
C'est
95%
c'est
95%
le
95%
95%
ou
95%
de
93%
des
91%
je
91%
Je
91%
La
89%
la
89%
89%
Les
89%
les
89%
pas
89%
pas,
89%
Show,
89%
Truman
89%
ça
86%
se
86%
Comme
84%
comme
84%
me
84%
Ouais,
84%
Ouais
84%
en
82%
et
82%
si
82%
Ta
82%
au
80%
du
80%
Mais
80%
m'en
80%
qui
80%
qui ?
80%
sais
80%
sais,
80%
sur
80%
sûr
80%
va
80%
avant
77%
Avant
77%
d'eau,
77%
est
77%
J'ai
77%
j'ai
77%
Ne
77%
ne
77%
que
77%
Le Pen
75%
pour
75%
tout,
75%
tout
75%
un
75%
Un
75%
autres,
73%
bien
73%
trop
73%
une
73%
Une
73%
fait
70%
l'programme
70%
miens
70%
on
70%
passé
70%
passe,
70%
scène
70%
s'en
70%
belle,
68%
deux
68%
Gros,
68%
gros,
68%
l'oeil
68%
mon
68%
par
68%
pêché
68%
sauver
68%
siens
68%
sont
68%
tombe
68%
casse
66%
c'film,
66%
ciel
66%
dans
66%
devant
66%
elle
66%
j'sais
66%
J'sais
66%
masse
66%
n'est
66%
sensible
66%
stipulé
66%
tchoin,
66%
valeurs
66%
branche,
64%
comment
64%
cul,
64%
d'être
64%
d'journalistes
64%
l'heure,
64%
mal
64%
même
64%
pleurer
64%
qu'c'est
64%
qu'on
64%
rien
64%
cette
61%
désinforment
61%
faut
61%
j'vais
61%
Non,
61%
populace
61%
pourquoi
61%
pourtant,
61%
profit
61%
retard
61%
sexe
61%
tasse
61%
veut
61%
avec
59%
canapé
59%
faire
59%
fasse
59%
fusionner
59%
grand-mère
59%
infirmes,
59%
j'étais
59%
joint,
59%
manipulée,
59%
prochaine
59%
putes,
59%
qu'elle
59%
qu'il
59%
vôtres,
59%
20h
57%
attendre
57%
chiens,
57%
combat?
57%
compte,
57%
compte
57%
désintègre,
57%
fin
57%
haute
57%
l'argent,
57%
manche
57%
millions
57%
minute
57%
nous
57%
prévu,
57%
qu'le
57%
recettes
57%
sas
57%
simple,
57%
teh
57%
tourtereaux
57%
veaux,
57%
bat
55%
blé
55%
came
55%
chômage
55%
désarticulés,
55%
devrait
55%
être
55%
fais
55%
j'conjugue
55%
j'pardonne
55%
l'Afrique
55%
loisirs
55%
patte
55%
peine
55%
potos
55%
pousse
55%
prière
55%
reins
55%
rempli
55%
rouler
55%
Salle
55%
satanistes,
55%
Sourire
55%
tous
55%
valide
55%
violés,
55%
cède
52%
chimio'
52%
coincé
52%
cruel
52%
euros
52%
J'viens
52%
l'Asie
52%
lotus
52%
lumière
52%
occupés
52%
Orphelins
52%
paix
52%
parle
52%
particuliers
52%
peur
52%
prévaut
52%
reufs
52%
antibio'
50%
bon
50%
dompta
50%
donc
50%
empires
50%
Grammaire
50%
hommes
50%
j'veux
50%
l'refasse
50%
machine
50%
magie
50%
malheur,
50%
max',
50%
mentalités
50%
monter
50%
s'éteindre,
50%
shit
50%
sinon,
50%
sombres
50%
Tibet
50%
vais
50%
Verre
50%
Viens
50%
air,
48%
celle
48%
coiffer
48%
diffuser,
48%
jamais
48%
l'chemin
48%
libre,
48%
monde
48%
ressasse
48%
reste
48%
sorciers
48%
souhait,
48%
voir
48%
assez
45%
demain
45%
désemplie,
45%
élites
45%
famine
45%
Hein?
45%
l'esclave
45%
liste
45%
m'etouffe,
45%
repasse
45%
respire
45%
selle,
45%
S.M.I.C.,
45%
stimulé
45%
t'sais ?
45%
Après,
43%
d'asservir
43%
d'la
43%
l'compas,
43%
l'feu
43%
l'moment,
43%
maîtrisant
43%
moins
43%
m'trouver,
43%
qu'la
43%
rouge
43%
serait
43%
sort
43%
t'nir
43%
top
43%
acidulée
41%
baisées
41%
baiser
41%
gardiens
41%
j'tendrai
41%
l'bénef
41%
matrice,
41%
moutarde
41%
passe-moi
41%
pillule
41%
qu'est
41%
qu'je
41%
As Fuck
39%
famille
39%
ivre,
39%
j'esquive
39%
ruiner
39%
soldats
39%
j'prends
36%
m'asseoir
36%
pouvoir,
36%
ainsi
34%
chaque
34%
panique
34%
qu'les
34%
au-d'ssus,
30%
créateurs
30%
quelqu'un
30%
venger
30%
poste
23%
Chapitre 2
18%
I Swear,
16%
(tout l'temps),
7%
Pages 2
5%

Distribution des résultats

Percentile par nombre de réponses

% des personnes avec chaque résultat

Votre développement - résultats

Vous n’avez pas pris ce quiz